| 000 | 01093nam a2200217Ia 4500 | ||
|---|---|---|---|
| 003 | Ost | ||
| 005 | 20260507075117.0 | ||
| 008 | 260507s9999||||xx |||||||||||||| ||und|| | ||
| 020 | _a5618119957 | ||
| 040 | _cfsecg | ||
| 041 | _aara | ||
| 082 | _a330.15 | ||
| 100 |
_aعريقات، حربي محمد موسى _eمؤلف |
||
| 245 | 0 |
_aمبادئ الإقتصاد : _bالتحليل الجزئي / _c حربي محمد موسى عريقات |
|
| 260 |
_aعمان: _bدار وائل للنشر والتوزيع, _c2005 |
||
| 300 |
_a286 صفحة؛ _bإيضاحات ؛ _c25 سم |
||
| 520 | _aمفاهيم أساسية في علم الإقتصاد- نظريات القيمة- نظرية الطلب- نظرية العرض- توازن الطلب والعرض- نظرية سلوك المستهلك- نظرية الإنتاج- نظرية تكاليف الإنتاج- نظرية التوزيع- نظرية الاسواق- توازن المنتج في حالات الاسواق المختلفة | ||
| 653 | _aالإقتصاد | ||
| 653 | _aالتحليل الإقتصادي | ||
| 942 | _cكتاب | ||
| 999 |
_c43036 _d43036 |
||